Globalizačné a transformačné procesy a intelektuálny kapitál
Hodnotenie 10. výročia pôsobenia Katedry služieb a cestovného ruchu na OF EU Bratislava. Nástup novej generácie civilizácie. Pre jej označenie sa používa viacero termínov: tretia vlna, informačná spoločnosť, znalostná a digitálna ekonomika a nová ekonomika. Charakteristika tejto etapy rozvoja spoloč...
Enregistré dans:
| Auteur principal: | |
|---|---|
| Format: | Chapitre de livre |
| Langue: | slovaque |
| Sujets: | |
| Tags: |
Pas de tags, Soyez le premier à ajouter un tag!
|
MARC
| LEADER | 00000naa$a2200000$$$4500 | ||
|---|---|---|---|
| 001 | 0009630 | ||
| 005 | 20221128121106.9 | ||
| 041 | 0 | |a slo | |
| 044 | |a SK | ||
| 245 | 1 | 0 | |a Globalizačné a transformačné procesy a intelektuálny kapitál |c aut. Valéria Michalová |
| 520 | |a Hodnotenie 10. výročia pôsobenia Katedry služieb a cestovného ruchu na OF EU Bratislava. Nástup novej generácie civilizácie. Pre jej označenie sa používa viacero termínov: tretia vlna, informačná spoločnosť, znalostná a digitálna ekonomika a nová ekonomika. Charakteristika tejto etapy rozvoja spoločnosti a ekonomiky. | ||
| 610 | 2 | 0 | |a globalizácia |
| 610 | 2 | 0 | |a transformácia |
| 610 | 2 | 0 | |a digitalizácia |
| 610 | 2 | 0 | |a informatizácia |
| 610 | 2 | 0 | |a kapitál intelektuálny |
| 610 | 2 | 0 | |a spoločnosť |
| 610 | 2 | 0 | |a vedomosti |
| 610 | 2 | 0 | |a hospodárstvo národné |
| 610 | 2 | 0 | |a Slovensko |
| 610 | 2 | 0 | |a Obchodná fakulta Ekonomicej univerzity v Bratislave |
| 610 | 2 | 0 | |a 1991-2001 |
| 100 | 1 | |a Michalová, Valéria | |